000 00577nam a2200205Ia 4500
003 OSt
005 20230530122747.0
008 210423s2002 xx 000 0 und d
040 _cAL
041 _aeng
082 _a305.5122 RAJS
_223
100 _aRAJAWAT (Mamta)
_9116708
245 _aScheduled castes in india:an comprehensive study
260 _aNew Delhi
_bAnmol Publications
_c2002
365 _b700
_cINR
650 _aSocial Classes
_9116709
650 _aSociology
_9116710
906 _acastes ; comprehensive ; india:an ; Scheduled ; study
942 _2ddc
_cBK
999 _c173618
_d173618